000 01142cam a22003254a 4500
003 OSt
005 20140310184523.0
008 010713s2004 nyua c 000 0 eng
010 _a 2001039521
020 _a0439806151
020 _a0439806151
040 _aDLC
_cDLC
_dDLC
042 _apcc
_alcac
050 0 0 _aQE 861.5
_b.D29 2005
100 1 _aDavis, Kenneth C.
_914125
245 1 0 _aDon't know much about dinosaurs /
_cKenneth C. Davis ; illustrated by Pedro Martin.
260 _aNew York :
_bScholastic Inc.,
_c2004.
300 _a48 p. :
_bcol. ill. ;
_c27 cm.
521 _aG9
526 _c1010
650 0 _aDinosaurs
_vJuvenile literature.
_929932
650 1 _aDinosaurs
_vMiscellanea.
_929933
650 1 _aQuestions and answers.
_94945
700 1 _aMartin, Pedro,
_d1967-
_eill.
_929934
906 _a7
_bcbc
_corignew
_d1
_eocip
_f20
_gy-gencatlg
942 _2lcc
_cBK-SCHOLAS
999 _c35074
_d35074